Central Library OPAC University of Rajshahi

Methods of tissue culture / (Record no. 12253)

MARC details
000 -LEADER
fixed length control field 01111nam a2200301 a 4500
001 - CONTROL NUMBER
control field 12253
003 - CONTROL NUMBER IDENTIFIER
rucl marc code BD-RjUL
005 - DATE AND TIME OF LATEST TRANSACTION
control field 20211208235248.0
008 - FIXED-LENGTH DATA ELEMENTS--GENERAL INFORMATION
fixed length control field 140128s1962 nyua b 001 0 eng
035 ## - SYSTEM CONTROL NUMBER
System control number OCLC ocm05387965 from D971010M
-- (BD-RjUL)12302
040 ## - CATALOGING SOURCE
Original cataloging agency DLC
Transcribing agency EYW
Modifying agency EYW
-- OCL
-- MBU
-- OCL
-- EQO
-- BD-RjUL
Language of cataloging eng
041 ## - LANGUAGE CODE
Language code of text/sound track or separate title eng
082 ## - DEWEY DECIMAL CLASSIFICATION NUMBER
Classification number 612.028
Author mark and year PAM 1962
Edition number 23
096 ## - LOCALLY ASSIGNED NLM-TYPE CALL NUMBER (OCLC)
Classification number QS 530 P242m 1938
100 1# - MAIN ENTRY--PERSONAL NAME
Personal name Parker, Raymond Crandall,
Dates associated with a name 1903-
9 (RLIN) 38034
245 00 - TITLE STATEMENT
Title Methods of tissue culture /
Statement of responsibility, etc. by Raymond C. Parker
250 ## - EDITION STATEMENT
Edition statement 3rd ed.
260 ## - PUBLICATION, DISTRIBUTION, ETC. (IMPRINT)
Place of publication, distribution, etc. Hoeber Medical :
Name of publisher, distributor, etc. Harper & Row,
Date of publication, distribution, etc. c1961 [Reprint 1962].
300 ## - PHYSICAL DESCRIPTION
Pagination xv, 358 p. :
Illustrations illus. diagrs. ;
Size 24 cm.
500 ## - GENERAL NOTE
General note "An attempt has been made to describe the essential details of the more basic procedures used in Carrel's laboratory at the Rockefeller Institute"--Pref.
504 ## - BIBLIOGRAPHY, ETC. NOTE
Bibliography, etc Includes Index.
650 #0 - SUBJECT ADDED ENTRY--TOPICAL TERM
Topical term or geographic name as entry element Tissues
General subdivision Culture.
9 (RLIN) 38035
Topical term or geographic name as entry element Histological Techniques.
9 (RLIN) 36311
Topical term or geographic name as entry element Tissue Culture
9 (RLIN) 38036
710 2# - ADDED ENTRY--CORPORATE NAME
Corporate name or jurisdiction name as entry element Rockefeller Institute for Medical Research.
9 (RLIN) 38037
942 ## - ADDED ENTRY ELEMENTS (KOHA)
Source of classification or shelving scheme Dewey Decimal Classification
Koha item type Books
Holdings
Lost status Source of classification or shelving scheme Damaged status Not for loan Collection code Permanent Location Current Location Shelving location Date acquired Source of acquisition Cost, normal purchase price Total Checkouts Full call number Date last seen Copy number Koha item type
  Dewey Decimal Classification   Not For Loan Non-fiction Central Library, University of Rajshahi Central Library, University of Rajshahi   21/06/1965 Zeitlinger 0.00   612.028 PAM 1962 28/01/2014 C-1 Books
  Dewey Decimal Classification     Non-fiction Central Library, University of Rajshahi Central Library, University of Rajshahi   06/08/1965 Zeithinger     612.028 PAM 1962 03/10/2016 C-2 Books